Which country borders? - Click Quiz - Statistics

General Stats
  • This quiz has been taken 99 times
  • The average score is 18 of 30
Answer Stats
Hint Answer % Correct
Paraguay Brazil
74%
Spain France
74%
Vietnam China
72%
Namibia South Africa
72%
Iraq Iran
71%
Monaco France
69%
Latvia Russia
69%
Peru Brazil
68%
Guyana Brazil
68%
Nepal China and India
67%
Georgia Russia
65%
Mongolia China and Russia
64%
Eritrea Sudan
64%
Austria Germany
60%
Switzerland Germany and France
60%
Bangladesh India
60%
Senegal Mali
60%
Mozambique South Africa
58%
Netherlands Germany
57%
Angola Dem. Rep. Congo
54%
Niger Mali
53%
North Korea China and Russia
51%
Uganda Dem. Rep. Congo
50%
Belgium Germany and France
50%
Myanmar China and India
47%
South Sudan Dem. Rep. Congo and Sudan
47%
Turkmenistan Iran
47%
Central African Republic Dem. Rep. Congo and Sudan
46%
Tajikistan China
40%
Chad Sudan
35%
No matching quizzes found
Score Distribution
Percent of People with Each Score
Percentile by Number Answered
Your Score History
You have not taken this quiz